LIBRARY & INFORMATION CENTRE, KCAET, TAVANUR

ONLINE PUBLIC ACCESS CATALOGUE (OPAC)

Normal view MARC view
  • Anirudh M K

Entry Personal Name

Number of records used in: 1

001 - CONTROL NUMBER

  • control field: 4246

003 - CONTROL NUMBER IDENTIFIER

  • control field: OSt

005 - DATE AND TIME OF LATEST TRANSACTION

  • control field: 20190717140733.0

008 - FIXED-LENGTH DATA ELEMENTS

  • fixed length control field: 190717|| aca||aabn | a|a d

040 ## - CATALOGING SOURCE

  • Original cataloging agency: OSt
  • Transcribing agency: OSt

100 ## - HEADING--PERSONAL NAME

  • Personal name: Anirudh M K

670 ## - SOURCE DATA FOUND

  • Source citation: Work cat.: (OSt): Anirudh M K, Development of fertiliser application for 4-wheel drive rice transplanter, 2019
free website counter